The Sociology of Black Africa. (Record no. 162)

MARC details
000 -LEADER
fixed length control field 00355nam a22001217a 4500
005 - DATE AND TIME OF LATEST TRANSACTION
control field 20200811163106.0
008 - FIXED-LENGTH DATA ELEMENTS--GENERAL INFORMATION
fixed length control field 200810b ||||| |||| 00| 0 eng d
020 ## - INTERNATIONAL STANDARD BOOK NUMBER
International Standard Book Number 0233961216
040 ## - CATALOGING SOURCE
Transcribing agency CML
245 ## - TITLE STATEMENT
Title The Sociology of Black Africa.
Statement of responsibility, etc. Balandiers, G.
260 ## - PUBLICATION, DISTRIBUTION, ETC.
Place of publication, distribution, etc. London
Name of publisher, distributor, etc. Andre Deutsch
Date of publication, distribution, etc. 1955
942 ## - ADDED ENTRY ELEMENTS (KOHA)
Source of classification or shelving scheme Dewey Decimal Classification
Koha item type Books
Edition 1st Edition
Classification part 301
Call number suffix BAL
Holdings
Withdrawn status Lost status Source of classification or shelving scheme Damaged status Not for loan Collection code Home library Current library Shelving location Date acquired Total Checkouts Full call number Date last seen Copy number Price effective from Koha item type
    Dewey Decimal Classification     Social Sciences Chalimbana Main Library Chalimbana Main Library Social Sciences 08/10/2020   301.09672 BAL 08/10/2020 1 08/10/2020 Books
    Dewey Decimal Classification     Social Sciences Chalimbana Main Library Chalimbana Main Library Social Sciences 08/24/2020   370.1933 LOW 08/24/2020 1 08/24/2020 Books

Powered by Koha